000 00697nam a2200193Ii 4500
003 JO-AjNU
008 230605s9999||||xx |||||||||||||| ||und||
040 _aJO-AjNU
_bara
_erda
_cJO-AjNU
041 _aara
050 1 4 _aPJ7826 1900
100 3 _aتأليف لافارج،أوليفرا ؛ ترجمة ديمتري لوقا ؛ مراجعة أحمد خاكي,
_eauthor
_915170
245 0 0 _aالفتى الضاحك
264 3 1 _aالقاهرة:الدار المصرية للتأليف والترجمة،1900
300 _a271ص
336 _atext
_btxt
_2rdacontent
337 _aunmediated
_bn
_2rdamedia
338 _avolume
_bnc
_2rdacarrier
650 4 _aالأدب العربي - قصص
_915171
999 _aA4221
_c7789
_d7789